[Event "Prague Summer op-A 10th"]
[Site "Prague"]
[Date "2023.08.11"]
[Round "9"]
[White "Walek, Petr"]
[Black "Pulpan, Jakub"]
[Result "0-1"]
[WhiteElo "2219"]
[BlackElo "2417"]
[PlyCount "58"]
[EventDate "2023.08.04"]
[EventType "swiss"]
[EventRounds "9"]
[EventCountry "CZE"]
[SourceTitle "CBM 215 Extra"]
[Source "ChessBase"]
[SourceDate "2023.09.30"]
[SourceVersion "1"]
[SourceVersionDate "2023.09.30"]
[SourceQuality "1"]

1. e4 e5 2. Nf3 Nc6 3. d4 exd4 4. Nxd4 Bc5 5. Be3 Qf6 6. c3 Nge7 7. Bc4 b6 8. 0-0 Bb7 9. Nb5 Rc8 10. b4 Ne5 11. bxc5 Nxc4 12. Bd4 Qg6 13. Nxa7 Ra8 14. cxb6 cxb6 15. Nb5 0-0 16. f3 d5 17. Nc7 Rac8 18. Nxd5 Bxd5 19. exd5 Nxd5 20. Qc1 Rfe8 21. Na3 Nce3 22. Rf2 Nf5 23. Qc2 Nf4 24. Kh1 Qg5 25. Qd2 Qh4 26. Kg1 Re6 27. g3 Rg6 28. Be5 Nxg3 29. Qd7 Ne4+ 0-1

[Event "CZE-chT1W 2223"]
[Site "Czech Republic"]
[Date "2023.02.26"]
[Round "9.4"]
[White "Hlavina, Matous"]
[Black "Walek, Petr"]
[Result "0-1"]
[WhiteElo "2105"]
[BlackElo "2234"]
[PlyCount "54"]
[EventDate "2022.10.09"]
[EventType "team-tourn"]
[EventRounds "11"]
[EventCountry "CZE"]
[SourceTitle "CBM 213 Extra"]
[Source "ChessBase"]
[SourceDate "2023.05.31"]
[SourceVersion "1"]
[SourceVersionDate "2023.05.31"]
[SourceQuality "1"]
[WhiteTeam "Ricany Betsys II"]
[BlackTeam "Neratovice"]
[WhiteTeamCountry "CZE"]
[BlackTeamCountry "CZE"]

1. e4 c5 2. Nf3 g6 3. d4 cxd4 4. Nxd4 Nc6 5. Nc3 Bg7 6. Be3 Nf6 7. Bc4 d6 8. f3 Bd7 9. Bb3 Na5 10. Qd2 h5 11. 0-0-0 Rb8 12. Kb1 b5 13. Nd5 Nc4 14. Bxc4 bxc4 15. Nxf6+ Bxf6 16. c3 Qa5 17. Ne2 Ba4 18. Rde1 0-0 19. Bd4 e5 20. Be3 Rb5 21. Ka1 Rfb8 22. Rb1 Bc2 23. a3 Bd3 24. Ka2 d5 25. Rhd1 Be7 26. Ra1 Rxb2+ 27. Qxb2 Rxb2+ 0-1

[Event "CZE-chT2E 2223"]
[Site "Czech Republic"]
[Date "2023.02.19"]
[Round "9.3"]
[White "Walek, Petr"]
[Black "Krejci, Jan"]
[Result "1-0"]
[WhiteElo "2234"]
[BlackElo "2036"]
[PlyCount "107"]
[EventDate "2022.10.16"]
[EventType "team-tourn"]
[EventRounds "11"]
[EventCountry "CZE"]
[SourceTitle "EXT 2024"]
[Source "ChessBase"]
[SourceDate "2023.10.10"]
[SourceVersion "1"]
[SourceVersionDate "2023.10.10"]
[SourceQuality "1"]
[WhiteTeam "Namest nad Oslavou"]
[BlackTeam "Litovel Tatran"]
[WhiteTeamCountry "CZE"]
[BlackTeamCountry "CZE"]

1. e4 e5 2. Nf3 Nf6 3. Nxe5 d6 4. Nf3 Nxe4 5. Bd3 Nc5 6. Be2 Be7 7. 0-0 0-0 8. c4 Bg4 9. Nc3 Re8 10. d4 Ncd7 11. h3 Bh5 12. Qb3 b6 13. Be3 Nf6 14. c5 d5 15. g4 Bg6 16. Ne5 c6 17. f4 h6 18. cxb6 axb6 19. f5 Bh7 20. Rac1 Nfd7 21. Nxd5 cxd5 22. Nxf7 Kxf7 23. Qxd5+ Kf8 24. Qxa8 Bh4 25. Qa3+ Kg8 26. Bb5 Kh8 27. Bf4 Re4 28. Bc7 Qf6 29. Qd6 Qg5 30. Bxb8 Qe3+ 31. Kg2 Rxd4 32. Rc8+ Bg8 33. Rxg8+ Kxg8 34. Qe6+ Qxe6 35. fxe6 Nxb8 36. Rc1 Kf8 37. Rc8+ Rd8 38. Rc7 Be7 39. Kf3 Rd5 40. Rc8+ Rd8 41. Rc7 Rd5 42. a4 g6 43. Rb7 Rd8 44. Rxb6 Rc8 45. Ke4 Kg7 46. a5 Kf6 47. Bd7 Rc4+ 48. Kd5 Rb4 49. Bb5 Rxb2 50. Rxb8 Rd2+ 51. Kc6 Rc2+ 52. Kb7 Kxe6 53. a6 Rb2 54. a7 1-0

[Event "CZE-chT1W 2223"]
[Site "Czech Republic"]
[Date "2023.01.29"]
[Round "7.6"]
[White "Simek, Petr1111"]
[Black "Walek, Petr"]
[Result "1-0"]
[WhiteElo "2323"]
[BlackElo "2234"]
[PlyCount "75"]
[EventDate "2022.10.09"]
[EventType "team-tourn"]
[EventRounds "11"]
[EventCountry "CZE"]
[SourceTitle "CBM 213 Extra"]
[Source "ChessBase"]
[SourceDate "2023.05.31"]
[SourceVersion "1"]
[SourceVersionDate "2023.05.31"]
[SourceQuality "1"]
[WhiteTeam "Unichess Sousek"]
[BlackTeam "Neratovice"]
[WhiteTeamCountry "CZE"]
[BlackTeamCountry "CZE"]

1. d4 Nf6 2. c4 g6 3. g3 c6 4. Bg2 d5 5. Qa4 Nbd7 6. cxd5 Nb6 7. Qb3 cxd5 8. Nf3 Bg7 9. 0-0 0-0 10. Bf4 Nh5 11. Bd2 Nc4 12. Bc3 Bg4 13. Qxb7 Qd6 14. Ne5 Bxe2 15. Re1 Nxe5 16. dxe5 Qa6 17. Bxd5 Rad8 18. Nd2 Qxb7 19. Bxb7 Bd3 20. Ne4 Bc4 21. Nc5 Bd5 22. Red1 Bxb7 23. Nxb7 Rb8 24. Rd7 f6 25. Nc5 fxe5 26. Ne6 Rf7 27. Nxg7 Nxg7 28. Rxa7 Rb5 29. a4 Rd5 30. a5 Ne6 31. a6 Nd4 32. Ra8+ Kg7 33. a7 Ne2+ 34. Kg2 Nxc3 35. bxc3 Rd2 36. Rg8+ Kxg8 37. a8Q+ Rf8 38. Qa7 1-0

[Event "CZE-chT1W 2223"]
[Site "Czech Republic"]
[Date "2023.01.15"]
[Round "6.1"]
[White "Constantinou, Peter"]
[Black "Walek, Petr"]
[Result "0-1"]
[WhiteElo "2268"]
[BlackElo "2234"]
[PlyCount "44"]
[EventDate "2022.10.09"]
[EventType "team-tourn"]
[EventRounds "11"]
[EventCountry "CZE"]
[SourceTitle "CBM 213 Extra"]
[Source "ChessBase"]
[SourceDate "2023.05.31"]
[SourceVersion "1"]
[SourceVersionDate "2023.05.31"]
[SourceQuality "1"]
[WhiteTeam "Pankrac"]
[BlackTeam "Neratovice"]
[WhiteTeamCountry "CZE"]
[BlackTeamCountry "CZE"]

1. d4 Nf6 2. Nf3 g6 3. Nbd2 d5 4. b4 a5 5. b5 Bg7 6. e3 c5 7. bxc6 Nxc6 8. c4 Bf5 9. Ba3 Nb4 10. Bxb4 axb4 11. Qb3 Qa5 12. cxd5 0-0 13. Be2 Rfc8 14. Nc4 Qd8 15. d6 exd6 16. Qxb4 b5 17. Qxb5 Ne4 18. Qb6 Qd7 19. Qb2 Qa4 20. 0-0 Rab8 21. Nb6 Qa5 22. Rab1 Nc3 0-1

[Event "Pardubice Czech op-E 33rd"]
[Site "Pardubice"]
[Date "2022.07.16"]
[Round "5.1"]
[White "Petr, Martin"]
[Black "Walek, Petr"]
[Result "1-0"]
[WhiteElo "2500"]
[BlackElo "2237"]
[PlyCount "81"]
[EventDate "2022.07.14"]
[EventType "team-swiss"]
[EventRounds "7"]
[EventCountry "CZE"]
[SourceTitle "CBM 209 Extra"]
[Source "ChessBase"]
[SourceDate "2022.09.30"]
[SourceVersion "1"]
[SourceVersionDate "2022.09.30"]
[SourceQuality "1"]
[WhiteTeam "Kolesovice Cesky Lev"]
[BlackTeam "Walkuv Protigambit"]
[WhiteTeamCountry "CZE"]
[BlackTeamCountry "CZE"]

1. Nf3 g6 2. d4 Nf6 3. c4 Bg7 4. Nc3 0-0 5. e3 c5 6. Be2 cxd4 7. exd4 d5 8. 0-0 Nc6 9. h3 h6 10. Be3 Be6 11. b3 Rc8 12. Rc1 Na5 13. c5 Ne4 14. Ne5 Nc6 15. Nxc6 Rxc6 16. b4 f5 17. Bf4 g5 18. Be5 f4 19. Bf3 Bf5 20. Bxg7 Kxg7 21. Re1 Nxc3 22. Rxc3 Rcf6 23. b5 b6 24. c6 Qc7 25. Bxd5 Rd8 26. Bf3 Rfd6 27. d5 e6 28. Qd4+ Kg6 29. Qe5 exd5 30. Bxd5 Qg7 31. Bf3 Qxe5 32. Rxe5 Kf6 33. Rxf5+ Kxf5 34. c7 Re8 35. c8Q+ Rxc8 36. Rxc8 Rd2 37. Rc6 Rxa2 38. Rxh6 Rb2 39. Bg4+ Ke4 40. Re6+ Kd4 41. Be2 1-0

[Event "Ceske Budejovice op-A"]
[Site "Ceske Budejovice"]
[Date "2022.07.06"]
[Round "6"]
[White "Walek, Petr"]
[Black "Laith, Kasib"]
[Result "1-0"]
[WhiteElo "2237"]
[BlackElo "2079"]
[PlyCount "79"]
[EventDate "2022.07.01"]
[EventType "swiss"]
[EventRounds "9"]
[EventCountry "CZE"]
[SourceTitle "CBM 209 Extra"]
[Source "ChessBase"]
[SourceDate "2022.09.30"]
[SourceVersion "1"]
[SourceVersionDate "2022.09.30"]
[SourceQuality "1"]

1. e4 c5 2. Nf3 d6 3. d4 Nf6 4. Nc3 cxd4 5. Nxd4 g6 6. Be3 Bg7 7. f3 0-0 8. Qd2 Nc6 9. 0-0-0 d5 10. exd5 Nxd5 11. Nxc6 bxc6 12. Bd4 e5 13. Bc5 Re8 14. Ne4 Be6 15. h4 h6 16. Ba6 Qc7 17. c4 Red8 18. g4 f5 19. gxf5 gxf5 20. Nd6 Rxd6 21. Bxd6 Qxd6 22. cxd5 cxd5 23. Bd3 e4 24. Bc2 Qe5 25. Bb3 e3 26. Qe2 f4 27. Rhg1 Rc8+ 28. Kb1 Bf5+ 29. Ka1 Kh8 30. Rxd5 Qf6 31. h5 Bh7 32. Qg2 Bc2 33. Rd8+ Rxd8 34. Qxc2 Qd4 35. Rd1 Qxd1+ 36. Qxd1 Rxd1+ 37. Bxd1 Be5 38. Kb1 Kg7 39. Kc1 Kf6 40. Ba4 1-0

[Event "CZE-chT 2122"]
[Site "Czech Republic"]
[Date "2022.02.27"]
[Round "12.6"]
[White "Walek, Petr"]
[Black "Petr, Martin"]
[Result "1/2-1/2"]
[WhiteElo "2245"]
[BlackElo "2501"]
[PlyCount "151"]
[EventDate "2021.10.15"]
[EventType "team-tourn"]
[EventRounds "15"]
[EventCountry "CZE"]
[SourceTitle "EXT 2023"]
[Source "ChessBase"]
[SourceDate "2022.10.05"]
[SourceVersion "1"]
[SourceVersionDate "2022.10.05"]
[SourceQuality "1"]
[WhiteTeam "Ostrava Labortech"]
[BlackTeam "Ingem Line"]
[WhiteTeamCountry "CZE"]
[BlackTeamCountry "CZE"]

1. e4 e6 2. d4 d5 3. Nd2 a6 4. Ngf3 c5 5. dxc5 Bxc5 6. Bd3 Nc6 7. a3 Nf6 8. Qe2 Qc7 9. 0-0 h6 10. e5 Nd7 11. Re1 b5 12. a4 bxa4 13. Rxa4 Nb4 14. Nb3 Be7 15. Bd2 Rb8 16. Bxb4 Bxb4 17. Rea1 a5 18. Nbd4 Nc5 19. Bb5+ Bd7 20. R4a2 Nb7 21. c3 Bc5 22. b4 Bb6 23. Bxd7+ Qxd7 24. bxa5 Nxa5 25. Rxa5 Bxa5 26. Rxa5 Rb1+ 27. Ne1 0-0 28. Rb5 Rxb5 29. Nxb5 Rb8 30. Nd4 Rb1 31. Kf1 Qa4 32. f3 Qa1 33. Qd2 Rb2 34. Qe3 Qd1 35. Qd3 Qc1 36. Ne2 Qa1 37. Kf2 Rb1 38. Nc2 Rf1+ 39. Kg3 Qb1 40. Ned4 Qc1 41. Qe3 Qb1 42. Kh3 g5 43. Kg3 Kg7 44. h4 gxh4+ 45. Kxh4 Rc1 46. Qe2 Rh1+ 47. Kg4 Qg1 48. f4 h5+ 49. Kf3 h4 50. Qf2 Qd1+ 51. Qe2 Qc1 52. Kg4 h3 53. gxh3 Rg1+ 54. Kf3 Rf1+ 55. Kg2 Rxf4 56. Qe1 Qxe1 57. Nxe1 Re4 58. Nef3 Re3 59. Nb5 f6 60. Kf2 Re4 61. Nd6 Ra4 62. Ne8+ Kg6 63. exf6 Kf7 64. Nc7 Kxf6 65. Nd4 Rc4 66. Ncxe6 Rxc3 67. Nf4 Ke5 68. Nde2 Ra3 69. h4 d4 70. h5 d3 71. Ng6+ Kf6 72. Nef4 Ra5 73. Ke3 Rxh5 74. Nxh5+ Kxg6 75. Nf4+ Kf5 76. Nxd3 1/2-1/2

[Event "CZE-chT 2122"]
[Site "Czech Republic"]
[Date "2022.02.26"]
[Round "11.6"]
[White "Walek, Petr"]
[Black "Anton Guijarro, David"]
[Result "0-1"]
[WhiteElo "2245"]
[BlackElo "2658"]
[PlyCount "80"]
[EventDate "2021.10.15"]
[EventType "team-tourn"]
[EventRounds "15"]
[EventCountry "CZE"]
[SourceTitle "EXT 2023"]
[Source "ChessBase"]
[SourceDate "2022.10.05"]
[SourceVersion "1"]
[SourceVersionDate "2022.10.05"]
[SourceQuality "1"]
[WhiteTeam "Ostrava Labortech"]
[BlackTeam "Novoborsky"]
[WhiteTeamCountry "CZE"]
[BlackTeamCountry "CZE"]

1. e4 c6 2. d4 d5 3. e5 Bf5 4. Nd2 e6 5. Nb3 Nd7 6. Nf3 Qc7 7. c3 Ne7 8. Nh4 Be4 9. f3 Bg6 10. Be2 Nf5 11. Nxf5 Bxf5 12. g4 Bg6 13. f4 f6 14. Be3 0-0-0 15. Bd3 c5 16. Nc1 c4 17. Bb1 Bxb1 18. Rxb1 g5 19. Ne2 gxf4 20. Nxf4 Re8 21. exf6 Nxf6 22. g5 e5 23. Ng2 exd4 24. gxf6 dxe3 25. Qg4+ Kb8 26. 0-0 Bc5 27. Kh1 Rhf8 28. Rbe1 Qd6 29. Qh5 Re6 30. h3 Bb6 31. Rf5 Bc7 32. Nf4 Rexf6 33. Rxf6 Qxf6 34. Nxd5 Qf2 35. Qe2 Qg3 36. Nxc7 Qxh3+ 37. Qh2 Rf1+ 38. Rxf1 Qxf1+ 39. Qg1 e2 40. Kh2 Qxg1+ 0-1

[Event "CZE-chT 2122"]
[Site "Czech Republic"]
[Date "2022.01.30"]
[Round "8.5"]
[White "Walek, Petr"]
[Black "Nytra, Ondrej"]
[Result "1/2-1/2"]
[WhiteElo "2245"]
[BlackElo "2211"]
[PlyCount "243"]
[EventDate "2021.10.15"]
[EventType "team-tourn"]
[EventRounds "15"]
[EventCountry "CZE"]
[SourceTitle "EXT 2023"]
[Source "ChessBase"]
[SourceDate "2022.10.05"]
[SourceVersion "1"]
[SourceVersionDate "2022.10.05"]
[SourceQuality "1"]
[WhiteTeam "Ostrava Labortech"]
[BlackTeam "Frydek Mistek II"]
[WhiteTeamCountry "CZE"]
[BlackTeamCountry "CZE"]

1. e4 e5 2. Nf3 Nc6 3. Bb5 a6 4. Ba4 Nf6 5. 0-0 Be7 6. Re1 b5 7. Bb3 d6 8. a4 Bd7 9. c3 b4 10. a5 bxc3 11. dxc3 0-0 12. Qd3 Na7 13. Be3 Qb8 14. Nbd2 Bc6 15. Bc4 Nb5 16. h3 Nd7 17. b4 Qb7 18. Nh2 Kh8 19. Bd5 Bxd5 20. exd5 c6 21. dxc6 Qxc6 22. c4 Nc7 23. Reb1 Rfb8 24. Qf5 Kg8 25. Ng4 d5 26. Bb6 Nxb6 27. axb6 Qxb6 28. Qxe5 Bxb4 29. cxd5 a5 30. Ne4 Nb5 31. Ngf6+ Kh8 32. Qf5 g6 33. Qe5 Qd4 34. Qg5 Be7 35. Rd1 Qxe4 36. Nxe4 Bxg5 37. Nxg5 Kg7 38. Ne4 a4 39. d6 a3 40. d7 Kf8 41. Rd5 Nc7 42. Rd2 Ke7 43. Nc5 Kd8 44. Kh2 Rb5 45. Rc2 Raa5 46. Nd3 Kxd7 47. Rc3 a2 48. Rc2 Ra3 49. Nc1 Rb1 50. Raxa2 Rxa2 51. Nxa2 Nd5 52. Rd2 Ke6 53. Rxd5 Rb2 54. Nc3 Rxf2 55. Ra5 Ke7 56. Ra7+ Kf8 57. Kg3 Rc2 58. Ne4 Rc1 59. Ng5 Rf1 60. Nxh7+ Kg7 61. Ng5 Kg8 62. Nf3 Kg7 63. Kf4 Rf2 64. g4 Rf1 65. Rb7 Kf6 66. Kg3 Ra1 67. Rb6+ Kg7 68. Rb7 Kf6 69. g5+ Kg7 70. Rd7 Ra3 71. Kf4 Ra1 72. h4 Rf1 73. Kg3 Ra1 74. Ne5 Rf1 75. Rd8 Rf5 76. Ng4 Rf1 77. Rd7 Rf5 78. Nh6 Rf1 79. Rd8 Ra1 80. Rg8+ Kh7 81. Rf8 Ra3+ 82. Kf4 Ra4+ 83. Kg3 Ra3+ 84. Kf2 Ra2+ 85. Ke3 Ra3+ 86. Kd2 Ra2+ 87. Kc3 Ra4 88. Rxf7+ Kh8 89. Rf8+ Kg7 90. Rg8+ Kh7 91. Rc8 Rxh4 92. Rc7+ Kh8 93. Nf7+ Kg8 94. Kd3 Rf4 95. Nh6+ Kh8 96. Rc4 Rf1 97. Ke3 Kg7 98. Rf4 Rg1 99. Ng4 Ra1 100. Re4 Re1+ 101. Kf4 Rf1+ 102. Kg3 Rg1+ 103. Kf2 Ra1 104. Re7+ Kf8 105. Re6 Ra5 106. Ne5 Ra2+ 107. Ke3 Ra3+ 108. Kd4 Ra4+ 109. Kc5 Ra5+ 110. Kb4 Rd5 111. Nxg6+ Kf7 112. Re5 Rd7 113. Nh8+ Kg7 114. Re8 Rd4+ 115. Kc5 Rh4 116. Re7+ Kxh8 117. Kd6 Rg4 118. Re5 Kg7 119. Ke6 Kg6 120. Kd5 Rxg5 121. Rxg5+ Kxg5 122. Ke4 1/2-1/2

[Event "CZE-chT 2122"]
[Site "Czech Republic"]
[Date "2022.01.29"]
[Round "7.6"]
[White "Bures, Jaroslav"]
[Black "Walek, Petr"]
[Result "1-0"]
[WhiteElo "2394"]
[BlackElo "2245"]
[PlyCount "81"]
[EventDate "2021.10.15"]
[EventType "team-tourn"]
[EventRounds "15"]
[EventCountry "CZE"]
[SourceTitle "EXT 2023"]
[Source "ChessBase"]
[SourceDate "2022.10.05"]
[SourceVersion "1"]
[SourceVersionDate "2022.10.05"]
[SourceQuality "1"]
[WhiteTeam "Frydek Mistek"]
[BlackTeam "Ostrava Labortech"]
[WhiteTeamCountry "CZE"]
[BlackTeamCountry "CZE"]

1. d4 Nf6 2. c4 g6 3. Nc3 Bg7 4. e4 d6 5. Be2 0-0 6. Nf3 c5 7. 0-0 cxd4 8. Nxd4 Nc6 9. Be3 Nxd4 10. Bxd4 Be6 11. Rc1 Qa5 12. f4 Rfc8 13. b3 Bd7 14. c5 Ne8 15. Nd5 Qd8 16. Bxg7 Kxg7 17. Qd4+ Kg8 18. Rfd1 Bc6 19. Bf3 Bxd5 20. Qxd5 Rxc5 21. Qxc5 dxc5 22. Rxd8 Rxd8 23. Rxc5 b6 24. Rc2 e5 25. fxe5 Rd7 26. Rc8 Kf8 27. Ra8 Rc7 28. Be2 Ke7 29. Bc4 Rd7 30. a4 Ng7 31. Kf2 Ne6 32. Ke3 Nd4 33. Rh8 h5 34. h4 Nc2+ 35. Kf4 Rd2 36. Rh7 Rxg2 37. Rxf7+ Ke8 38. e6 Nd4 39. Ke5 Nc6+ 40. Kd6 Nd4 41. Rxa7 1-0

[Event "CZE-chT 2122"]
[Site "Czech Republic"]
[Date "2021.12.19"]
[Round "6.2"]
[White "Walek, Petr"]
[Black "Tajovsky, Matej"]
[Result "1-0"]
[WhiteElo "2245"]
[BlackElo "2041"]
[PlyCount "101"]
[EventDate "2021.10.15"]
[EventType "team-tourn"]
[EventRounds "15"]
[EventCountry "CZE"]
[SourceTitle "EXT 2023"]
[Source "ChessBase"]
[SourceDate "2022.10.05"]
[SourceVersion "1"]
[SourceVersionDate "2022.10.05"]
[SourceQuality "1"]
[WhiteTeam "Ostrava Labortech"]
[BlackTeam "Brno Duras"]
[WhiteTeamCountry "CZE"]
[BlackTeamCountry "CZE"]

1. e4 c5 2. Nf3 e6 3. d4 cxd4 4. Nxd4 a6 5. Bd3 Nf6 6. 0-0 Qc7 7. Qe2 d6 8. c4 g6 9. Nc3 Bg7 10. h3 0-0 11. Be3 b6 12. Rac1 Bb7 13. Rfd1 Nbd7 14. Nf3 Rfd8 15. Bb1 Rac8 16. b3 Nc5 17. Bf4 Ne8 18. Qe3 Qc6 19. Bg5 Bf6 20. Qf4 Kg7 21. Bh6+ Kg8 22. Bg5 Kg7 23. Bh6+ Kg8 24. Re1 Nd7 25. Nh2 Ne5 26. Qd2 Qd7 27. f4 Nc6 28. Ng4 Bh8 29. Rcd1 Nd4 30. Qe3 e5 31. f5 f6 32. Kh1 Bg7 33. Rxd4 exd4 34. Qxd4 b5 35. Bxg7 Qxg7 36. cxb5 axb5 37. Nxb5 gxf5 38. exf5 h5 39. Ne3 Qg3 40. Qd2 Qxh3+ 41. Kg1 Qg3 42. Nd4 Nc7 43. Ne6 Re8 44. Nf1 Qg4 45. Re3 h4 46. Nxc7 Rxe3 47. Nxe3 Qg3 48. Ncd5 Kg7 49. Nf1 Qg4 50. Nf4 d5 51. Nh2 1-0

[Event "Ceske Budejovice op"]
[Site "Ceske Budejovice"]
[Date "2021.07.06"]
[Round "6"]
[White "Walek, Petr"]
[Black "Karimi, Farhad"]
[Result "1-0"]
[WhiteElo "2276"]
[BlackElo "2054"]
[PlyCount "73"]
[EventDate "2021.07.01"]
[EventType "swiss"]
[EventRounds "9"]
[EventCountry "CZE"]
[SourceTitle "CBM 203 Extra"]
[Source "ChessBase"]
[SourceDate "2021.09.30"]
[SourceVersion "1"]
[SourceVersionDate "2021.09.30"]
[SourceQuality "1"]

1. e4 c5 2. Nf3 e6 3. d4 cxd4 4. Nxd4 a6 5. Bd3 Bc5 6. Nb3 Be7 7. Qg4 g6 8. Qe2 d6 9. a4 b6 10. Na3 Nd7 11. Nc4 Bb7 12. 0-0 Ne5 13. Nxe5 dxe5 14. Nd2 h5 15. Nc4 Qc7 16. Be3 Bc5 17. b4 Bxe3 18. Qxe3 Rb8 19. Nxb6 Bxe4 20. Qxe4 Rxb6 21. a5 Rd6 22. Qxe5 Rh7 23. Bxa6 f6 24. Bb5+ Kf7 25. Qe2 Ne7 26. a6 Qa7 27. c4 Rh8 28. c5 Rd4 29. Bc4 Nd5 30. Bxd5 exd5 31. Rfe1 Rxb4 32. Qe6+ Kg7 33. Qd6 Kh6 34. Qxf6 Rh7 35. h4 Rc4 36. Qg5+ Kg7 37. Re7+ 1-0

[Event "Ceske Budejovice op"]
[Site "Ceske Budejovice"]
[Date "2021.07.03"]
[Round "3"]
[White "Bombek, Peter"]
[Black "Walek, Petr"]
[Result "1-0"]
[WhiteElo "2183"]
[BlackElo "2276"]
[PlyCount "92"]
[EventDate "2021.07.01"]
[EventType "swiss"]
[EventRounds "9"]
[EventCountry "CZE"]
[SourceTitle "CBM 203 Extra"]
[Source "ChessBase"]
[SourceDate "2021.09.30"]
[SourceVersion "1"]
[SourceVersionDate "2021.09.30"]
[SourceQuality "1"]

1. d4 c5 2. e3 Nf6 3. c4 cxd4 4. exd4 d5 5. Nc3 Nc6 6. cxd5 Nxd5 7. Bc4 Be6 8. Bb3 g6 9. Nf3 Bg7 10. 0-0 0-0 11. Re1 Rc8 12. Bg5 Re8 13. h3 Nxc3 14. bxc3 Bd5 15. Rc1 Na5 16. Bxd5 Qxd5 17. Bxe7 Nc6 18. Bh4 Rxe1+ 19. Qxe1 Qxa2 20. Qe4 f5 21. Qd3 Qd5 22. Rb1 b6 23. Qa6 Qd7 24. Re1 h6 25. Qa2+ Qf7 26. d5 Bxc3 27. Qa6 Rc7 28. d6 Rb7 29. Re8+ Kg7 30. Rc8 Na5 31. Rxc3 g5 32. Bxg5 hxg5 33. Nxg5 Qf6 34. Rc7+ Kg6 35. Rxb7 Nxb7 36. Qxb7 Qxd6 37. h4 Kf6 38. Qxa7 Qd1+ 39. Kh2 Qd6+ 40. g3 Qc5 41. Qf7+ Ke5 42. Qe6+ Kd4 43. h5 b5 44. Qe3+ Kd5 45. Qxc5+ Kxc5 46. h6 Kd5 1-0

[Event "CZE-chT 1920"]
[Site "Czech Republic"]
[Date "2019.10.12"]
[Round "1.6"]
[White "Walek, Petr"]
[Black "Jansa, Vlastimil"]
[Result "0-1"]
[WhiteElo "2263"]
[BlackElo "2452"]
[PlyCount "58"]
[EventDate "2019.10.12"]
[EventType "team-tourn"]
[EventRounds "11"]
[EventCountry "CZE"]
[SourceTitle "EXT 2020"]
[Source "ChessBase"]
[SourceDate "2019.10.17"]
[SourceVersion "1"]
[SourceVersionDate "2019.10.17"]
[SourceQuality "1"]
[WhiteTeam "Ostrava Labortech"]
[BlackTeam "Lysa nad Labem"]
[WhiteTeamCountry "CZE"]
[BlackTeamCountry "CZE"]

1. e4 c5 2. Nf3 e6 3. d4 cxd4 4. Nxd4 Nc6 5. Nc3 a6 6. f4 Qc7 7. Nxc6 bxc6 8. Bd3 d5 9. 0-0 Nf6 10. Kh1 Be7 11. b3 0-0 12. Bb2 Bb7 13. Qe2 c5 14. exd5 exd5 15. Rae1 Rae8 16. Nb5 Qc6 17. Nc7 Rc8 18. Nxa6 Ne4 19. Bb5 Qh6 20. Rf3 Bh4 21. Ref1 Ng3+ 22. Rxg3 Bxg3 23. h3 d4 24. Kg1 Bxf4 25. b4 Be3+ 26. Kh2 Qd6+ 27. g3 cxb4 28. Bc1 Bxc1 29. Rxc1 Ra8 0-1